Top 10 Most Populous U.S. Cities Starting With P - Statistics

General Stats
  • This quiz has been taken 62 times
  • The average score is 7 of 10
Answer Stats
State Answer Population % Correct
Pennsylvania Philadelphia 1.52 M
100%
Arizona Phoenix 1.68 M
100%
Oregon Portland 618 k
100%
Pennsylvania Pittsburgh 297 k
98%
Rhode Island Providence 188 k
87%
Texas Plano 291 k
70%
Florida Port St. Lucie 259 k
46%
Arizona Peoria 203 k
41%
Nevada Paradise 189 k
39%
Florida Pembroke Pines 170 k
28%
No matching quizzes found
Score Distribution
Percent of People with Each Score
Percentile by Number Answered
Your Score History
You have not taken this quiz